|
|
|
|
| LEADER |
01827nam a2200445 i 4500 |
| 001 |
EBC1983508 |
| 003 |
MiAaPQ |
| 005 |
20200520144314.0 |
| 006 |
m o d | |
| 007 |
cr cnu|||||||| |
| 008 |
150317t20152015enka ob 001 0 eng d |
| 020 |
|
|
|z 9780470519400
|
| 020 |
|
|
|a 9781119064886
|q (electronic bk.)
|
| 020 |
|
|
|a 9781119065265
|q (electronic bk.)
|
| 020 |
|
|
|a 9781119164893
|q (electronic bk.)
|
| 035 |
|
|
|a (MiAaPQ)EBC1983508
|
| 035 |
|
|
|a (Au-PeEL)EBL1983508
|
| 035 |
|
|
|a (CaPaEBR)ebr11030117
|
| 035 |
|
|
|a (CaONFJC)MIL770162
|
| 035 |
|
|
|a (OCoLC)904011957
|
| 040 |
|
|
|a MiAaPQ
|b eng
|e rda
|e pn
|c MiAaPQ
|d MiAaPQ
|
| 050 |
|
4 |
|a HG4530
|b .S474 2015
|
| 082 |
0 |
|
|a 332.64/5240681
|2 23
|
| 100 |
1 |
|
|a Serrano Berntsen, Erik,
|d 1983-
|e author.
|
| 245 |
1 |
2 |
|a A guide to starting your hedge fund /
|c Erik Serrano Berntsen and John P. Thompson.
|
| 264 |
|
1 |
|a Chichester, England :
|b Wiley,
|c 2015.
|
| 264 |
|
4 |
|c 2015
|
| 300 |
|
|
|a 1 online resource (219 pages) :
|b illustrations (some color)
|
| 336 |
|
|
|a text
|2 rdacontent
|
| 337 |
|
|
|a computer
|2 rdamedia
|
| 338 |
|
|
|a online resource
|2 rdacarrier
|
| 504 |
|
|
|a Includes bibliographical references and index at the end of each chapters.
|
| 588 |
|
|
|a Description based on print version record.
|
| 590 |
|
|
|a Electronic reproduction. Ann Arbor, MI : ProQuest, 2015. Available via World Wide Web. Access may be limited to ProQuest affiliated libraries.
|
| 650 |
|
0 |
|a Hedge funds.
|
| 650 |
|
0 |
|a Commodity exchanges.
|
| 655 |
|
4 |
|a Electronic books.
|
| 776 |
0 |
8 |
|i Print version:
|a Serrano Berntsen, Erik, 1983-
|t Guide to starting your hedge fund.
|d Chichester, England : Wiley, c2015
|h viii, 206 pages
|z 9780470519400
|w 2015005232
|
| 797 |
2 |
|
|a ProQuest (Firm)
|
| 856 |
4 |
0 |
|u https://ebookcentral.proquest.com/lib/matrademy/detail.action?docID=1983508
|z Click to View
|